Statistics for Trans-Uranium Elements

Click here to take the quiz!

General Stats

  • This quiz has been taken 18 times
  • The average score is 22 of 26

Answer Stats

SymbolElement% Correct
AmAmericium
100%
NpNeptunium
100%
PuPlutonium
100%
EsEinsteinium
94%
LwLawrencium
94%
NoNobelium
94%
BkBerkelium
88%
CfCalifornium
88%
DbDubnium
88%
FmFermium
88%
McMoscovium
88%
OgOganesson
88%
RfRutherfordium
88%
SgSeaborgium
88%
TsTennessine
88%
BhBohrium
82%
HsHassium
82%
LvLivermorium
82%
MdMendelevium
82%
NhNihonium
82%
RgRoentgenium
82%
CmCurium
76%
DsDarmstadtium
76%
FlFlerovium
76%
MtMeitnerium
76%
CnCopernicium
65%

Score Distribution

Percentile by Number Answered

Percent of People with Each Score

Your Score History

You have not taken this quiz